| 000 | 02152cam a2200421 a 4500 | ||
|---|---|---|---|
| 999 |
_c24427 _d24427 |
||
| 001 | 14882631 | ||
| 003 | OSt | ||
| 005 | 20170128124153.0 | ||
| 008 | 070607s2008 iluab b 001 0 eng | ||
| 010 | _a 2007023927 | ||
| 015 |
_aGBA817441 _2bnb |
||
| 016 | 7 |
_a014519132 _2Uk |
|
| 020 | _a9780226218007 (cloth : alk. paper) | ||
| 020 | _a0226218007 (cloth : alk. paper) | ||
| 035 | _a(OCoLC)ocn144547960 | ||
| 035 | _a(OCoLC)144547960 | ||
| 040 |
_aDLC _cDLC _dYDX _dBAKER _dBTCTA _dYDXCP _dUKM _dDLC |
||
| 043 | _an-us--- | ||
| 050 | 0 | 0 |
_aNA6225 _b.E87 2008 |
| 082 | 0 | 0 |
_a725/.2097309043 _222 |
| 100 | 1 | _aEsperdy, Gabrielle M. | |
| 245 | 1 | 0 |
_aModernizing Main Street : _barchitecture and consumer culture in the New Deal / _cGabrielle Esperdy. |
| 260 |
_aChicago : _bUniversity of Chicago Press, _c2008. |
||
| 300 |
_ax, 307 p. : _bill., map ; _c24 cm. |
||
| 440 | 0 | _a[Center books on American places] | |
| 500 | _aSeries title taken from book jacket. | ||
| 504 | _aIncludes bibliographical references and index. | ||
| 505 | 0 | _aIntroduction -- Main Street, U.S.A -- The New Deal on Main Street -- Marketing modernization -- The architecture of consumption -- Modernism on Main Street -- Conclusion: a Main Street modernized -- A note on sources. | |
| 650 | 0 |
_aStorefronts _zUnited States _xHistory _y20th century. |
|
| 650 | 0 |
_aCommercial buildings _zUnited States _xHistory _y20th century. |
|
| 650 | 0 | _aNew Deal, 1933-1939. | |
| 650 | 0 |
_aConsumption (Economics) _zUnited States _xHistory _y20th century. |
|
| 856 | 4 | 1 |
_3Table of contents only _uhttp://www.loc.gov/catdir/toc/ecip0720/2007023927.html |
| 856 | 4 | 2 |
_3Contributor biographical information _uhttp://www.loc.gov/catdir/enhancements/fy0827/2007023927-b.html |
| 856 | 4 | 2 |
_3Publisher description _uhttp://www.loc.gov/catdir/enhancements/fy0827/2007023927-d.html |
| 906 |
_a7 _bcbc _corignew _d1 _eecip _f20 _gy-gencatlg |
||
| 942 |
_2lcc _cBOOKS _hNA 6225 .E87 2008 |
||